|
|
|
|
| LEADER |
00000nam0a2200000 4500 |
| 001 |
254478 |
| 005 |
20231101232935.0 |
| 010 |
|
|
|a 5020094285
|
| 020 |
|
|
|a RU
|b 89-55466
|
| 035 |
|
|
|a (RuTPU)RU\TPU\book\276942
|
| 090 |
|
|
|a 254478
|
| 100 |
|
|
|a 20140321d1989 k y0rusy5003 ca
|
| 101 |
0 |
|
|a rus
|
| 102 |
|
|
|a RU
|
| 105 |
|
|
|a ac z 001zy
|
| 200 |
1 |
|
|a Фельдмаршал Б. П. Шереметев
|f А. И. Заозерский
|g Академия наук СССР (АН СССР), Архив ; под ред. Б. В. Левшина
|
| 210 |
|
|
|a Москва
|c Наука
|d 1989
|
| 215 |
|
|
|a 312 с., [1] л. портр.
|
| 320 |
|
|
|a Библиогр. в примеч.: с. 287-294.
|
| 320 |
|
|
|a Имен. указ.: с. 295-306.
|
| 600 |
|
1 |
|a Шереметев
|g Борис Петрович
|b Б. П.
|f 1652-1719
|c русский граф
|c генерал-фельдмаршал
|c сподвижник Петра I
|2 stltpush
|3 (RuTPU)RU\TPU\pers\729
|
| 606 |
1 |
|
|a Военное искусство
|x Русское
|z 19 век
|2 stltpush
|3 (RuTPU)RU\TPU\subj\38261
|9 58914
|
| 610 |
1 |
|
|a русское государство
|
| 610 |
1 |
|
|a 18 в.
|
| 610 |
1 |
|
|a военноначальники
|
| 610 |
1 |
|
|a военная история
|
| 610 |
1 |
|
|a Россия
|
| 610 |
1 |
|
|a история
|
| 686 |
|
|
|a Ц35
|2 rubbk
|
| 700 |
|
1 |
|a Заозерский
|b А. И.
|g Александр Иванович
|
| 702 |
|
1 |
|a Левшин
|b Б. В.
|4 340
|
| 712 |
0 |
2 |
|a Академия наук СССР (АН СССР)
|b Архив
|c (Москва, Ленинград)
|2 stltpush
|3 (RuTPU)RU\TPU\col\5501
|
| 801 |
|
0 |
|a RU
|b RuMRKP
|c 19950417
|g psbo
|
| 801 |
|
1 |
|a RU
|b 63413507
|c 20140321
|
| 801 |
|
2 |
|a RU
|b 63413507
|c 20140626
|g RCR
|
| 942 |
|
|
|c BK
|